000 00708nam a22002537a 4500
008 130512b xxu||||| |||| 00| 0 eng d
020 _a 978-81-7758-433-2
024 _cavailable
037 _cavailable
040 _aMBSTU LIbrary
_dMBSTU Library
082 _222
_a547 SYG
100 _aSykes,Peter
245 _aA Guide book to mechanism in organic chemistry
250 _a6th edition
260 _aNew Delhi
_bPearson Education
_c2009
300 _a21.5 cm
_bxii,416 page
_f4
_g21.5 cm
600 _aOrganic Chemistry
610 _aMechanism
700 _aSykes, Peter
270 _aNew Delhi
_bNew Delhi
_dIndia
365 _b365.00
_d365.00
942 _2ddc
_cBK
999 _c345
_d345